Southville International School and Colleges
Your cart is empty.
  • Cart
  • Lists
    Public lists Eva Luna New books Lux_list list_1
    Your lists Log in to create your own lists
  • Log in to your account
  • Your cookies
  • Search history
Southville International School and Colleges
  • Advanced search
  • Recent comments
  • Most popular
  • Libraries

Log in to your account

Log in with GOOGLE


If you do not have an external account, but do have a local account, you can still log in:

  1. Home
  2. MARC view: Welding technology /
Normal view MARC view ISBD view

Welding technology / (Record no. 10223)

[ view plain ]
MARC details
000 -LEADER
fixed length control field 00506nam a22001817a 4500
003 - CONTROL NUMBER IDENTIFIER
control field OSt
005 - DATE AND TIME OF LATEST TRANSACTION
control field 20140310182201.0
008 - FIXED-LENGTH DATA ELEMENTS--GENERAL INFORMATION
fixed length control field 130902t xxu||||| |||| 00| 0 eng d
020 ## - INTERNATIONAL STANDARD BOOK NUMBER
International Standard Book Number 0026822202
050 ## - LIBRARY OF CONGRESS CALL NUMBER
Classification number TS 227
Item number .W445 1974
082 ## - DEWEY DECIMAL CLASSIFICATION NUMBER
Classification number HS 671.52
Item number k38 1982
245 ## - TITLE STATEMENT
Title Welding technology /
Statement of responsibility, etc edited by Gower A. Kennedy
260 ## - PUBLICATION, DISTRIBUTION, ETC. (IMPRINT)
Place of publication, distribution, etc Illinois :
Name of publisher, distributor, etc Glancoe Macmillan/ McGraw-Hill,
Date of publication, distribution, etc c1974.
300 ## - PHYSICAL DESCRIPTION
Extent 598 p. :
Other physical details ill. ;
Dimensions 27 cm.
650 ## - SUBJECT ADDED ENTRY--TOPICAL TERM
Topical term or geographic name as entry element Welding
9 (RLIN) 16264
942 ## - ADDED ENTRY ELEMENTS (KOHA)
Source of classification or shelving scheme Library of Congress Classification
Koha item type
Holdings
Withdrawn status Lost status Source of classification or shelving scheme Damaged status Home library Current library Shelving location Date acquired Total Checkouts Full call number Barcode Date last seen Date checked out Copy number Price effective from Koha item type
    Library of Congress Classification   Luxembourg Library Luxembourg Library High School Section 09/02/2013 1 TS 227 .W445 1974 6199 05/27/2015 08/12/2014 1 09/02/2013 Books

Welding technology /

APA

(1974). Welding technology. Illinois: Glancoe Macmillan/ McGraw-Hill.

Chicago

1974. Welding technology. Illinois: Glancoe Macmillan/ McGraw-Hill.

Harvard

(1974). Welding technology. Illinois: Glancoe Macmillan/ McGraw-Hill.

MLA

Welding technology. Illinois: Glancoe Macmillan/ McGraw-Hill. 1974.

  • Place hold
  • Print
  • Cite
  • Add to your cart (remove)
  • Save record
    BIBTEX Dublin Core MARCXML MARC (non-Unicode/MARC-8) MARC (Unicode/UTF-8) MARC (Unicode/UTF-8, Standard) MODS (XML) RIS
  • More searches
    Search for this title in:
    Other Libraries (WorldCat) Other Databases (Google Scholar) Online Stores (Bookfinder.com) Open Library (openlibrary.org)

Exporting to Dublin Core...

SOUTHVILLE LIBRARY

Southville International School and Colleges Library

1281 Tropical Ave. Cor. Luxembourg St., BF Homes International, Las Pinas City

Tel. No. 8256374 / 252358 Loc. 117/146

Powered by Koha